[Event "Top 12 FRA-chT 2017"]
[Site "Chartres"]
[Date "2017.05.18"]
[Round "1"]
[White "Wojtaszek, Radoslaw"]
[Black "Kryvoruchko, Yuriy"]
[Result "1/2-1/2"]
[WhiteElo "2734"]
[BlackElo "2714"]
[Annotator "TA"]
[PlyCount "88"]
[EventDate "2017.??.??"]
[EventType "team-tourn"]
[EventCountry "FRA"]
[SourceTitle "playchess.com"]
[Source "ChessBase"]
[SourceQuality "1"]
[WhiteTeam "Clichy"]
[BlackTeam "Grasse Echecs"]

{[%evp 23,88,13,8,14,17,6,12,6,6,6,6,6,10,13,14,15,13,14,17,18,21,10,24,23,21,0,18,18,31,31,18,16,24,19,35,20,21,0,11,0,16,13,13,3,0,-35,0,-2,-15,-37,0,0,0,0,0,0,0,0,0,0,12,15,131,0,0,0,120]} 1. d4 Nf6 2. c4 e6 3. Nf3 d5 4. g3 Be7 5. Bg2 O-O 6. O-O dxc4 7. Qc2 a6 8. a4 Bd7 {[%cal Bc8d7,Bd7c6,Bc6d5,Bd5e4][%mdl 32]} 9. Qxc4 Bc6 10. Bg5 Bd5 11. Qc2 Be4 12. Qc1 h6 13. Bxf6 {E05: Open Catalan: 5 Nf3 Be7} Bxf6 14. Rd1 (14. e3 {is interesting.} Nd7 15. Nbd2 Bh7 16. Nc4 Be7 17. Nfe5) 14... a5 15. Nbd2 Bxf3 16. Bxf3 c6 $1 17. Nc4 Na6 18. Qf4 Nb4 19. e3 Qe7 20. h4 Rfd8 {[#]} 21. Rac1 $146 Nd5 22. Qe4 Qb4 23. Qc2 Rac8 24. Nd2 Be7 25. b3 c5 26. e4 Nb6 27. d5 exd5 28. exd5 Nxd5 29. Nc4 Nf6 30. Re1 Rc7 31. Re3 b5 32. axb5 Qxb5 33. Rce1 Bf8 34. g4 g6 (34... Nd5 $5 {[%cal Rd5e3]} 35. Qd3 Rcd7 $15) 35. h5 g5 36. Ra1 Ra7 (36... Rd4 $5 {[%cal Rf6g4]}) 37. Qf5 Bg7 {aiming for ...Nxg4!} 38. Ne5 {Black must now prevent Nc6.} Rc7 39. Be2 $36 {[%mdl 2048] Black is under pressure.} Qb7 40. Bc4 (40. Rxa5 $2 Nd5 $17) 40... Rd4 $1 {[%cal Rd4f4] Strongly threatening ...Rf4.} 41. Rae1 {Hoping for Nd7!} Rf4 42. Qd3 {Threatens to win with Nxf7.} Rd4 {[#]} ({Much weaker is} 42... Nxg4 $6 43. Nxf7 $1 {[%mdl 512]} Qh1+ 44. Kxh1 $16) (42... Re7 $1 $11 {keeps the balance.}) 43. Qf5 (43. Nxf7 $1 $16 {[%mdl 512] White wants to mate with Re8+!} Rxd3 (43... Rxf7 44. Re8+) 44. Nd8+ Rd5 45. Nxb7) 43... Rf4 (43... Nd5 $11 44. Re4 Re7) 44. Qd3 $16 Rd4 {Precision: White = 59%, Black = 56%.} ({Of course not} 44... Nxg4 $6 {[#]} 45. Nxf7 $1 {[%mdl 512]} Qh1+ 46. Kxh1 $16) 1/2-1/2

[Event "Top 12 FRA-chT 2017"]
[Site "Chartres"]
[Date "2017.05.18"]
[Round "1"]
[White "Jobava, Baadur"]
[Black "Donchenko, Alexander"]
[Result "1/2-1/2"]
[WhiteElo "2713"]
[BlackElo "2563"]
[Annotator "TA"]
[PlyCount "70"]
[EventDate "2017.??.??"]
[EventType "team-tourn"]
[EventCountry "FRA"]
[SourceTitle "playchess.com"]
[Source "ChessBase"]
[SourceQuality "1"]
[WhiteTeam "Tremblay-En-France"]
[BlackTeam "Vandoeuvre"]

{[%evp 9,70,4,16,12,18,18,36,43,73,54,135,135,141,52,52,52,52,52,52,54,54,53,53,52,66,62,118,130,138,141,123,100,93,100,109,109,109,109,109,109,109,109,109,109,108,111,108,75,77,62,62,62,62,62,62,33,43,4,4,0,0,0,0]} 1. d4 d5 2. c4 e6 3. Nc3 Nf6 4. Bf4 Bb4 5. e3 O-O (5... c5 6. a3 Bxc3+ 7. bxc3 Nc6 8. Nf3 dxc4 9. Bxc4 Nd5 10. dxc5 Nxf4 11. Qxd8+ Kxd8 12. exf4 Bd7 13. O-O-O {½-½ (29) Gurevich,M (2589)-Can,E (2475) Denizli 2013}) 6. Rc1 {D35: Queen's Gambit Declined: Exchange Variation} c5 7. dxc5 Ne4 8. cxd5 {White is slightly better.} exd5 9. Nge2 $146 ({Predecessor:} 9. Bd3 Nxc5 10. a3 Bg4 11. Be2 Bxc3+ 12. Rxc3 Bxe2 13. Nxe2 {½-½ (27) Tomov,G (2248)-Zawadzka,J (2439) Vienna 2016}) 9... g5 (9... Be6 $14) 10. Bxb8 $16 Rxb8 {[#]} 11. Qd4 (11. a3 $1 $16 {[%cal Ra3b4]} Bxc3+ 12. Nxc3) 11... Bxc5 $14 12. Qxd5 Qxd5 13. Nxd5 Be6 14. Nf6+ Nxf6 15. Rxc5 h6 $1 16. Nc3 b6 17. Rc6 b5 ({Black should play} 17... Rbc8 $14 18. Rd6 Rcd8 19. Rxd8 Rxd8) 18. Bxb5 $16 Nd5 {[#] Hoping for ...Nxc3.} 19. a4 Nb4 20. Rc7 a6 21. Be2 Nd5 22. Nxd5 Bxd5 23. O-O Rxb2 24. Bxa6 {Threatens to win with Ra1.} Ra2 25. Bb5 Bb3 26. h3 Bxa4 27. Bc4 Rb2 28. f4 {Strongly threatening fxg5.} Bb5 29. fxg5 {[%cal Rc4f7]} Bxc4 30. Rxc4 hxg5 {KRR-KRR} 31. Rf5 f6 32. Rg4 {Black must now prevent h4.} Kg7 33. e4 {Threatening e5.} (33. Rf2 $5 {[%cal Rf2b2]} Rfb8 34. Rd4 $14) 33... Rb4 {The position is equal.} 34. h4 Kg6 35. Rff4 Kh5 {Precision: White = 63%, Black = 68%.} 1/2-1/2

[Event "Top 12 FRA-chT 2017"]
[Site "Chartres"]
[Date "2017.05.18"]
[Round "1"]
[White "Naiditsch, Arkadij"]
[Black "Gledura, Benjamin"]
[Result "0-1"]
[WhiteElo "2700"]
[BlackElo "2602"]
[Annotator "TA"]
[PlyCount "86"]
[EventDate "2017.??.??"]
[EventType "team-tourn"]
[EventCountry "FRA"]
[SourceTitle "playchess.com"]
[Source "ChessBase"]
[SourceQuality "1"]
[WhiteTeam "Bischwiller"]
[BlackTeam "Mulhouse Philidor"]

{[%evp 9,86,-25,-27,-24,0,5,14,0,17,4,37,2,14,21,15,17,19,13,19,15,14,19,12,11,12,10,13,15,9,8,14,14,27,25,70,65,170,173,249,246,322,322,314,314,326,322,333,322,297,285,309,301,341,341,357,362,437,444,426,443,354,66,254,234,304,0,54,68,63,-457,-462,-537,-622,-611,-629,-627,-603,-537,-514]} 1. e4 e5 2. Bc4 Nf6 3. d3 Bc5 4. Nc3 O-O 5. Bg5 h6 {LiveBook: 5 Games} 6. Bh4 {C27: Vienna Game: 2...Nf6 3 Bc4 Nxe4} Be7 7. Nf3 d6 (7... Nc6 8. O-O d6 9. h3 Na5 10. Bb3 Nxb3 11. axb3 a6 12. Re1 c5 13. Bxf6 Bxf6 14. Nd5 Be6 15. c4 Bxd5 16. cxd5 Be7 17. Qc2 {½-½ (43) Grischuk,A (2789)-Malakhov,V (2696) Moscow 2014}) 8. a4 $146 {The position is equal.} ({Predecessor:} 8. O-O Bg4 9. h3 Bh5 10. g4 Nxg4 11. Bxe7 Qxe7 12. Nd5 Qd7 13. Nh4 {1-0 (47) Dvorak,E (1855)-Kubelova,S (1730) Rychnov 2012}) 8... Nc6 9. a5 a6 10. h3 (10. Bxf6 $5 Bxf6 11. Nd5 $11) 10... Be6 (10... Nxe4 $5 11. Bxe7 Nxc3 $14) 11. Bxf6 Bxf6 12. Nd5 Nb8 13. O-O Nd7 14. b4 c6 15. Ne3 Qe7 16. c3 Rad8 17. Re1 g6 18. d4 {Threatens to win with d5.} exd4 19. cxd4 Bxc4 20. Nxc4 Bg7 21. Qb3 Rfe8 22. e5 $36 {[%mdl 2048] White is more active.} d5 (22... dxe5 $14 23. dxe5 Qe6) 23. Nd6 $18 Rf8 (23... Nf8 {keeps fighting.} 24. Nxe8 Rxe8) 24. Nxb7 Rb8 25. Nd6 Rbd8 26. Qc2 Nb8 27. h4 h5 28. Rad1 Bh6 29. g3 Kh7 30. Nh2 f6 31. f4 fxe5 32. dxe5 Bxf4 33. gxf4 Rxf4 34. Kh1 Nd7 35. Nb7 $2 (35. Qxc6 $18 Rf2 36. Rd4) 35... Rdf8 $2 (35... Re8 $14) 36. e6 (36. Qxc6 Rf2 $11) 36... Qxh4 {[#] ( -> ...Rf2)} 37. Re2 $2 (37. exd7 {leads to mate.} Rf2 38. Re7+ Kh6 39. Qxg6+ Kxg6 40. Rg1+ Kh6 41. Rg2 Rxg2 42. Re6+ Kh7 43. Re7+ Kg8 44. Rg7+ Kxg7 45. Kxg2 Rf2+ 46. Kh1 Qxh2#) (37. e7 $18 Re8 38. Re6 (38. Qxc6 $2 Rf2 $19)) 37... Nf6 ({Black should play} 37... Ne5 $1 $11 38. e7 (38. Rxe5 {is a self mate.} Rf2 39. Qxg6+ Kxg6 40. Rg5+ Kxg5 41. Rg1+ Kh6 42. Rg2 Rxg2 43. Kxg2 Rf2+ 44. Kh1 Qxh2#) 38... Qxe7) 38. e7 $14 ({Not} 38. Qxc6 $2 Ne4 $19) 38... Rg8 {aiming for ...Ng4.} 39. Nd6 $2 {[%mdl 8192] [#]} (39. Qxc6 $14 {keeps the upper hand.} Re4 40. Qxa6) 39... Ng4 $1 $19 {Black is clearly winning.} 40. Kg1 Qg3+ 41. Rg2 Qe3+ 42. Kh1 {Hoping for Qc1.} Nf2+ 43. Rxf2 Rxf2 {Precision: White = 59%, Black = 48%.} 0-1

[Event "Top 12 FRA-chT 2017"]
[Site "Chartres"]
[Date "2017.05.18"]
[Round "1"]
[White "Rodshtein, Maxim"]
[Black "Navara, David"]
[Result "1-0"]
[WhiteElo "2698"]
[BlackElo "2739"]
[Annotator "TA"]
[PlyCount "83"]
[EventDate "2017.??.??"]
[EventType "team-tourn"]
[EventCountry "FRA"]
[SourceTitle "playchess.com"]
[Source "ChessBase"]
[SourceQuality "1"]
[WhiteTeam "Bischwiller"]
[BlackTeam "Mulhouse Philidor"]

{[%evp 13,83,15,20,16,22,0,0,0,0,0,0,0,0,0,0,-2,0,0,0,-2,24,25,25,-16,0,-4,-14,-15,-6,-36,0,-105,-69,-77,-39,-125,-12,-10,-25,-92,-10,-10,-10,-10,-1,-6,-14,-10,48,34,246,234,882,851,1783,1574,1498,1529,1345,0,0,0,1335,1334,1066,629,596,596,575,574,574,556]} 1. e4 e5 2. Nf3 Nc6 3. Bc4 Bc5 4. O-O Nf6 5. d3 d6 6. c3 a6 7. a4 h6 8. Re1 {C54: Giuoco Piano: 4 c3 Nf6, main lines with 5 d4 and 5 d3} O-O 9. Na3 (9. b4 Ba7 10. Nbd2 Ne7 11. d4 Ng6 12. h3 exd4 13. cxd4 d5 14. exd5 Nxd5 15. b5 axb5 16. axb5 {0-1 (38) Fressinet,L (2676)-Inarkiev,E (2732) Germany 2017}) 9... Ne7 10. Nc2 {The position is equal.} (10. a5 {is interesting.} Ng6 11. b4 Ba7 12. Bb3 Re8 13. Nc4) 10... Ng6 11. Be3 $146 (11. b4 {keeps more tension.} Ba7 12. a5 Re8 13. Be3 Bb8 14. Bb3) ({Predecessor:} 11. d4 Ba7 12. Bf1 Re8 13. d5 c6 14. c4 a5 15. g3 Bc5 {½-½ (46) Xu,Y (2444)-Oparin,G (2625) Moscow 2017}) 11... Bxe3 12. Nxe3 c6 13. Ba2 Re8 14. g3 a5 15. Qc2 Bh3 16. Rad1 d5 17. exd5 cxd5 18. Qb3 Qc7 19. d4 (19. Nxd5 $2 Nxd5 20. Qxd5 Be6 $19) 19... e4 20. Nd2 $1 Rad8 21. Qa3 Nf4 22. Bb1 (22. gxf4 $11 Qxf4 23. c4) 22... Ng4 23. c4 {[%cal Bc3c4,Bc4d5,Bd5d6][%mdl 32]} Nxe3 24. Rxe3 (24. fxe3 $15 Ne6 25. cxd5) 24... Bg4 ({Inferior is} 24... dxc4 25. gxf4 Qxf4 26. Bc2 $16) ({Black should try} 24... Ng2 $1 $17 {aiming for ...Bg4.} 25. cxd5 Nxe3 26. fxe3 Rxd5) 25. Rde1 $1 $11 Nh3+ 26. Kg2 {[#]} (26. Kf1 $1 $11 {remains equal.}) 26... Ng5 ({But not} 26... dxc4 $6 27. Nxe4 Be6 28. Qc5 $11) (26... f5 $1 $17 {[%cal Rf5f4] And now ...f4 would win.} 27. cxd5 Qf7) 27. cxd5 {[%cal Rb1e4]} f5 28. h4 Nf3 29. Nxf3 Bxf3+ 30. Kh2 $1 f4 (30... Qd7 $11) 31. d6 $14 Qd7 $2 ({Better is} 31... Qb6 $1 $14 32. Qb3+ (32. gxf4 Qxd4 33. d7 Qxd7 $11) 32... Qxb3 33. Rxb3 Kf8) 32. Qb3+ $18 Kh8 $2 (32... Qf7 33. gxf4 Rf8) 33. Rxf3 exf3 {[#]} 34. Qd3 $3 {[%csl Gb1][%cal Rd3h7][%mdl 512]} fxg3+ 35. fxg3 {[%csl Gb1][%cal Rd3h7]} Kg8 36. Ba2+ Kh8 {[#]} 37. Bb1 $1 $40 {[%csl Gb1][%cal Rd3h7][%mdl 640] Black needs to defend precisely.} Kg8 $1 {[#]} 38. Qh7+ $1 {White is clearly winning.} Kf7 39. Bg6+ Kf6 {[#]} 40. Bh5 $1 {[%csl Gh5][%cal Rh7g6][%mdl 512]} Qf5 41. Qxf5+ Kxf5 42. Rxe8 {Precision: White = 64%, Black = 48%.} 1-0

[Event "Top 12 FRA-chT 2017"]
[Site "Chartres"]
[Date "2017.05.18"]
[Round "1"]
[White "Bacrot, Etienne"]
[Black "Sokolov, Andrei"]
[Result "1-0"]
[WhiteElo "2696"]
[BlackElo "2519"]
[Annotator "TA"]
[PlyCount "85"]
[EventDate "2017.??.??"]
[EventType "team-tourn"]
[EventCountry "FRA"]
[SourceTitle "playchess.com"]
[Source "ChessBase"]
[SourceQuality "1"]
[WhiteTeam "Bischwiller"]
[BlackTeam "Mulhouse Philidor"]

{[%evp 9,85,42,48,54,61,61,75,42,42,49,45,36,45,52,41,41,51,57,46,56,50,40,105,81,88,79,87,54,93,79,77,18,18,11,38,37,65,72,78,51,48,13,136,64,65,58,70,53,45,42,86,50,77,45,47,49,88,81,55,26,19,0,54,39,83,109,191,185,193,191,197,182,194,201,199,200,258,250]} 1. e4 c5 2. Nf3 Nc6 3. Bb5 d6 4. O-O Bg4 5. h3 Bh5 6. Re1 {B51: Sicilian: Moscow Variation (3 Bb5+) without 3...Bd7} e5 (6... e6 7. g4 Bg6 8. d4 cxd4 9. Nxd4 Nge7 10. c4 h5 11. Nc3 hxg4 12. hxg4 Qc7 13. Bf4 O-O-O {1-0 (36) Anton Guijarro,D (2559)-Korobov,A (2719) Yerevan 2014}) 7. c3 Nge7 8. d3 {White is better.} a6 9. Ba4 Nc8 10. Nbd2 {[%cal Bb1d2,Bd2f1,Bf1e3,Be3f5][%mdl 32]} Be7 11. Nf1 O-O 12. Bb3 $146 ({Predecessor:} 12. g4 Bg6 13. Ng3 b5 {1-0 (36) Antonio,R (2521)-Mohandesi,S (2329) Leuven 2003}) 12... Na5 13. Bc2 b5 14. Ne3 Nb6 15. Nf5 f6 ({Black should play} 15... Bf6 $14) 16. d4 cxd4 17. cxd4 Rc8 18. g4 (18. Bd3 {is more complex.} Re8 19. d5 Na4 20. b3 Nc3 21. Qd2) 18... Bg6 19. d5 Bxf5 20. exf5 (20. gxf5 $16 Qc7 21. Bd3) 20... Qc7 21. Be4 Nb7 22. b4 Na4 23. Bd2 Nc3 24. Qb3 {[#] And now Rac1 would win.} (24. Bxc3 $5 Qxc3 25. a3 $16) 24... Nxe4 25. Rxe4 Qc2 (25... a5 $11) 26. Qxc2 ({White should try} 26. Ree1 $16) 26... Rxc2 $14 27. a4 Rb8 28. Kf1 Nd8 29. Ke2 bxa4 30. Kd3 Rcc8 31. Rc4 Rxc4 32. Kxc4 Rc8+ 33. Kd3 {[%mdl 1024] White has strong compensation.} Nb7 34. Ke3 Rc4 35. Kd3 Rc8 36. Ke2 Rc4 37. Rxa4 e4 (37... a5 $16) 38. Ne1 $18 Nc5 39. Ra3 Nd7 40. Rxa6 {[#] Strongly threatening Ra7.} Kf7 41. Ng2 Ne5 42. Ne3 Rc7 43. b5 {Precision: White = 64%, Black = 56%.} 1-0

[Event "Top 12 FRA-chT 2017"]
[Site "Chartres"]
[Date "2017.05.18"]
[Round "1"]
[White "Laznicka, Viktor"]
[Black "Li, Chao b"]
[Result "1/2-1/2"]
[WhiteElo "2672"]
[BlackElo "2722"]
[Annotator "TA"]
[PlyCount "52"]
[EventDate "2017.??.??"]
[EventType "team-tourn"]
[EventCountry "FRA"]
[SourceTitle "playchess.com"]
[Source "ChessBase"]
[SourceQuality "1"]
[WhiteTeam "Bois-Colombes"]
[BlackTeam "Nice Alekhine"]

{[%evp 25,28,24,15,32,34]} 1. d4 Nf6 2. c4 g6 3. Nf3 Bg7 4. g3 d5 5. cxd5 Nxd5 6. Bg2 Nb6 7. Nc3 Nc6 8. e3 e5 9. d5 Ne7 10. e4 Bg4 11. h3 Bxf3 12. Qxf3 O-O 13. O-O c6 14. Rd1 {D76: Fianchetto Grünfeld: Main Line with 7...Nb6} cxd5 {[#]} {Predecessor:} 15. exd5 $146 Nf5 16. d6 Rb8 17. Qd3 Nd7 18. Ne4 Qb6 19. Bg5 Rfc8 20. Rac1 Nd4 21. Be7 f5 22. Ng5 e4 23. Bxe4 fxe4 24. Qxe4 Rc5 25. Rxc5 Qxc5 26. Rxd4 Bxd4 {0-1 (38) Mchedlishvili,M (2601)-Savchenko,B (2618) Subic Bay 2016} 1/2-1/2

[Event "Top 12 FRA-chT 2017"]
[Site "Chartres"]
[Date "2017.05.18"]
[Round "1"]
[White "Fressinet, Laurent"]
[Black "Areshchenko, Alexander"]
[Result "1/2-1/2"]
[WhiteElo "2668"]
[BlackElo "2677"]
[Annotator "TA"]
[PlyCount "55"]
[EventDate "2017.??.??"]
[EventType "team-tourn"]
[EventCountry "FRA"]
[SourceTitle "playchess.com"]
[Source "ChessBase"]
[SourceQuality "1"]
[WhiteTeam "Clichy"]
[BlackTeam "Grasse Echecs"]

{[%evp 15,55,6,19,8,1,0,0,-25,-36,-28,-25,-14,-20,-25,0,0,0,0,10,6,13,12,9,0,0,0,0,0,0,0,0,0,0,0,0,0,16,26,39,30,103,72]} 1. e4 c5 2. Nf3 d6 3. d4 cxd4 4. Nxd4 Nf6 5. Nc3 a6 6. Be2 e5 7. Nb3 Be7 8. Be3 Be6 9. Qd3 {B92: Sicilian Najdorf: 6 Be2} Nbd7 {[%cal Bb8d7,Bd7b6,Bb6c4][%mdl 32]} 10. O-O (10. Nd5 O-O 11. O-O Bxd5 12. exd5 Ne8 13. a4 Bg5 14. a5 Bxe3 15. Qxe3 Nef6 16. c4 Rb8 17. Rfb1 Qc7 18. Nd2 b6 19. Nb3 Nc5 20. axb6 Rxb6 21. Nxc5 dxc5 {½-½ (59) Carlsen,M (2838)-Vachier Lagrave,M (2803) Karlsruhe 2017}) 10... Rc8 11. Nd5 {The position is equal.} Bxd5 12. exd5 Nb6 13. Bf3 Nc4 14. Bc1 {[#]} Qc7 $146 ({Predecessor:} 14... O-O 15. Nd2 Nxd2 16. Bxd2 {0-1 (51) Asanov,T (2427)-Loginov,V (2532) St Petersburg 2002}) 15. c3 O-O 16. a4 Rfe8 17. Nd2 Nxd2 18. Bxd2 Bf8 {[#] aiming for ...e4.} 19. Rfe1 g6 20. b4 Nd7 21. a5 f5 {Hoping for ...e4.} 22. Be2 e4 23. Qg3 Bg7 24. Rac1 Be5 25. Bf4 Bxf4 26. Qxf4 Re5 27. c4 b6 (27... Nf6 $11 {remains equal.}) 28. axb6 {Precision: White = 74%, Black = 63%.} 1/2-1/2

[Event "Top 12 FRA-chT 2017"]
[Site "Chartres"]
[Date "2017.05.18"]
[Round "1"]
[White "Van Wely, Loek"]
[Black "Dorfman, Iossif"]
[Result "1-0"]
[WhiteElo "2663"]
[BlackElo "2560"]
[Annotator "TA"]
[PlyCount "91"]
[EventDate "2017.??.??"]
[EventType "team-tourn"]
[EventCountry "FRA"]
[SourceTitle "playchess.com"]
[Source "ChessBase"]
[SourceQuality "1"]
[WhiteTeam "Clichy"]
[BlackTeam "Grasse Echecs"]

{[%evp 9,91,16,29,30,22,18,15,0,0,0,6,-9,-8,-12,-8,-21,0,11,5,10,12,4,6,0,66,42,79,74,71,74,112,87,105,71,90,101,93,81,90,60,60,53,51,13,14,0,38,43,36,43,124,112,185,181,216,162,224,228,247,261,276,274,295,293,289,272,271,225,395,394,560,521,579,504,2066,2009,1271,678,4562,4087,1903,1710,1236,1467]} 1. d4 d5 2. c4 dxc4 3. e4 Nf6 4. e5 Nd5 5. Bxc4 Bf5 (5... Nb6 6. Bd3 Nc6 7. Ne2 Bg4 8. Be3 e6 9. Nbc3 Nb4 10. Be4 N4d5 11. O-O c6 12. Qd3 g6 13. a3 Bf5 14. Bd2 Bg7 15. Rfd1 Nxc3 16. Bxc3 {½-½ (27) Cheparinov,I (2698)-Wang,H (2683) Ho Chi Minh City 2017}) 6. Qb3 {D20: Queen's Gambit Accepted: 3 e3 and 3 e4} c6 7. Nc3 {[%cal Rc3d5]} (7. Bxd5 $5 cxd5 8. Qxb7 $14) 7... e6 $146 ({Predecessor:} 7... Qd7 8. Nxd5 cxd5 9. Bxd5 Nc6 10. Bxf7+ Kd8 11. Be3 Nxd4 12. Bxd4 Qxd4 13. Rd1 {1-0 (13) Zavolkivski,E (1740)-Hofmann,R Rieneck 1998}) 8. Qxb7 {The position is equal.} (8. Bxd5 $5 cxd5 9. Qxb7 $11) 8... Nb6 9. Be2 Bb4 10. Nf3 O-O $1 {[#] And now ...f6 would win.} 11. Be3 f6 12. d5 $1 cxd5 13. exf6 Qxf6 14. Bd4 $1 $40 {[%cal Rd4f6][%mdl 128] White has some attack.} Qe7 15. Qxe7 Bxe7 16. Ne5 N8d7 ({Black should try} 16... N6d7 $11) 17. Nc6 $1 $14 {[%cal Rc6e7]} Bf6 18. Bxf6 Rxf6 19. O-O Nc4 20. Bxc4 dxc4 21. Rfd1 Nc5 22. Ne5 Nd3 23. Nxc4 Nxf2 24. Kxf2 {Hoping for Kg1.} Bd3+ $1 25. Ke3 Bxc4 26. Rd6 Raf8 27. Rad1 Bf1 28. R1d2 h6 29. Ne4 Rg6 (29... Rf5 $14) 30. g3 $16 Bc4 {[#]} (30... Rf5 $16) 31. b3 $1 $18 {[%cal Rb3c4]} Bf1 32. Rf2 Rxf2 (32... Rg4 {was called for.} 33. Rxf8+ (33. Rxe6 Rxf2 34. Kxf2 Bh3 $16) 33... Kxf8 34. Rxe6 Kf7) 33. Kxf2 {[%mdl 4096] Endgame KRB-KRN} ({Don't do} 33. Nxf2 $6 Rg5 $16) 33... Bh3 34. Ra6 Bf5 35. Ke3 e5 36. Rxa7 Rc6 37. Ra5 Rc2 38. h4 ({Not} 38. Rxe5 Bxe4 39. Rxe4 (39. Kxe4 Rxa2 40. h4 Rg2 $16) 39... Rxa2 $18) 38... Kh7 $2 (38... Kf7 {was worth a try.} 39. a4 (39. Rxe5 Bxe4 40. Rxe4 Rxa2 $18) 39... Ke6 40. Ra6+ Kd7) 39. Rxe5 Bxe4 (39... Bh3 $142 40. a4 Rb2) 40. Kxe4 {White is clearly winning.} Rxa2 {KR-KR} 41. Kd4 Rg2 (41... Rb2 $142 42. Kc3 Rb1) 42. Re3 Kg6 43. b4 {[%cal Bb3b4,Bb4b5][%mdl 32]} Kf5 44. b5 Rd2+ 45. Kc5 Rc2+ 46. Kb4 {Precision: White = 82%, Black = 46%.} 1-0

[Event "Top 12 FRA-chT 2017"]
[Site "Chartres"]
[Date "2017.05.18"]
[Round "1"]
[White "Kuzubov, Yuriy"]
[Black "Hamdouchi, Hicham"]
[Result "1/2-1/2"]
[WhiteElo "2637"]
[BlackElo "2586"]
[Annotator "TA"]
[PlyCount "84"]
[EventDate "2017.??.??"]
[EventType "team-tourn"]
[EventCountry "FRA"]
[SourceTitle "playchess.com"]
[Source "ChessBase"]
[SourceQuality "1"]
[WhiteTeam "Grasse Echecs"]
[BlackTeam "Clichy"]

{[%evp 13,84,14,20,26,31,0,35,35,43,42,50,35,33,6,36,1,0,0,0,0,9,-6,10,-3,27,22,37,32,43,37,42,29,31,13,52,52,52,66,63,59,58,34,30,25,22,41,43,39,33,37,32,0,0,0,28,33,129,129,129,129,129,129,129,69,69,70,70,70,70,70,70,70,70]} 1. d4 Nf6 2. c4 g6 3. Nf3 Bg7 4. e3 O-O 5. Be2 d6 6. Nc3 Nbd7 7. O-O e5 8. Re1 {E61: King's Indian: Early deviations for White, including Smyslov System} (8. Qc2 Re8 9. Re1 exd4 10. exd4 Nb6 11. Bf4 Bf5 12. Bd3 Bxd3 13. Qxd3 Qd7 14. b3 Rxe1+ 15. Rxe1 Re8 16. Rxe8+ Qxe8 {1-0 (34) Ni,H (2693)-Vidit,S (2644) Doha 2015}) 8... Re8 9. b4 e4 10. Nd2 $1 Nf8 $146 ({Predecessor:} 10... Qe7 11. Ba3 Nb6 12. b5 Qe6 13. Bb2 c5 14. bxc6 bxc6 15. Na4 Bd7 16. c5 Nxa4 17. Qxa4 dxc5 18. dxc5 {1-0 (53) Wallez,D-Weggen,R (1837) ICCF email 2006}) 11. a4 h5 12. b5 Bf5 13. a5 a6 14. bxa6 bxa6 15. Ba3 Ne6 16. Nd5 c5 17. Nb6 Ra7 18. Nb3 {[%cal Rd4c5]} Nd7 (18... Ng4 {with more complications.} 19. h3 Nxf2 20. Kxf2 cxd4 21. Nxd4 Bxh3 22. gxh3 Qh4+) 19. dxc5 $1 dxc5 20. Ra2 Nxb6 21. Qxd8 Rxd8 22. axb6 Rb7 23. Bxc5 Rc8 (23... Nxc5 {seems wilder.} 24. Nxc5 Rxb6 25. Nxa6 Bc3 26. Rf1 Rd2) 24. Bd4 $1 Nxd4 25. Nxd4 Rxb6 26. Nxf5 gxf5 27. Bxh5 Rxc4 28. Ra5 f4 29. exf4 Bc3 30. Rg5+ Kf8 31. Rd1 Rd4 32. Kf1 Rxd1+ 33. Bxd1 $11 {[%mdl 4096] Endgame KRB-KRB} Rb2 (33... Rb1 {is interesting.} 34. Ke2 a5 35. f3 a4 36. Rc5 exf3+ 37. Kxf3 a3) 34. Rd5 Rd2 (34... a5 $14) 35. Rxd2 $16 Bxd2 {KB-KB} 36. g3 f5 37. f3 exf3 38. Bc2 ({White should play} 38. Kf2 $16) 38... Be3 $14 {White is slightly better.} 39. Bxf5 a5 40. Be4 f2 $1 41. Bc6 Kg7 42. Ke2 Kf6 {Precision: White = 50%, Black = 61%.} 1/2-1/2